| 000 | 00389cam a2200145ua 4500 | ||
|---|---|---|---|
| 041 |
_aeng _h |
||
| 082 |
_a629.25 _bMAC/AU |
||
| 100 | _aMacmillan, R H . | ||
| 245 |
_aAutomation friend or foe / _cR H Macmillan. _hTextual Documents |
||
| 260 |
_aLondon : _bCambridge at the University Press , _c1956. |
||
| 300 |
_a100 : _b506 ; . |
||
| 504 | _a | ||
| 942 | _cBK | ||
| 999 |
_c10595 _d10595 |
||